000 00366nam a2200133Ia 4500
008 220217s9999||||xx |||||||||||||| ||und||
020 _a81-7029-458-4
082 _a004.165 VEN
100 _aVenugopal, K.R. Kumar, Raj
245 0 _aMicroprocessor X86 programming
260 _aBPB publications
_bNew Delhi
_c1995
300 _b180
650 _aMICROPROCESSOR
999 _c166474
_d166474